| 000 | 00694nam a2200193 a 4500 | ||
|---|---|---|---|
| 005 | 20160308082610.0 | ||
| 008 | 140312b2003 ck d fr|||| 00| 0 spa d | ||
| 040 |
_aCO-BoIAVH _cCO-BoIAVH |
||
| 041 | 0 | _aspa | |
| 044 | _ack | ||
| 082 | 0 | 4 |
_a664.939 _bC32t |
| 245 | 0 | 0 |
_aCartilla técnica para una producción más limpia en el subsector _bavícola |
| 260 |
_aMedellín : _bCORANTIOQUIA : _bFENAVI : _bCORNARE, _c2003. |
||
| 300 |
_a59 páginas : _btablas y gráficas ; _c27 x 21 centímetros |
||
| 650 | 6 |
_aCría de aves de corral _xManuales, guías, etc. _zColombia |
|
| 650 | 4 |
_aProducción avícola _xManuales, guías, etc. _zColombia |
|
| 942 |
_cLIBRO _2ddc |
||
| 945 | _d2004-02-03 | ||
| 999 |
_c3682 _d3682 |
||